| 000 | 00439cam a2200169 i 4500 | ||
|---|---|---|---|
| 005 | 20250901165805.0 | ||
| 008 | 130411s2011 ke 000 d swa | ||
| 010 | _a 2012313730 | ||
| 020 | _a9789966361516 | ||
| 020 | _a9966361510 | ||
| 020 | _z9789966361510 | ||
| 050 | 0 | 0 | _aPL 8704.M58 2011 |
| 100 | 1 |
_aMohamed, Said Ahmed, _d1947- |
|
| 245 | 1 | 0 |
_aKimya, kimya, kimya! / _cSaid A. Mohamed. |
| 300 |
_a94 pages ; _c18 cm |
||
| 942 | _2lcc | ||
| 999 |
_c9281 _d9281 |
||